ਗਿੱਲਾਂ ਦਾ ਇਤਿਹਾਸ (Record no. 102544)

MARC details
000 -LEADER
fixed length control field 00879nam a2200265Ia 4500
003 - CONTROL NUMBER IDENTIFIER
control field OSt
005 - DATE AND TIME OF LATEST TRANSACTION
control field 20220916110953.0
008 - FIXED-LENGTH DATA ELEMENTS--GENERAL INFORMATION
fixed length control field Pun
020 ## - INTERNATIONAL STANDARD BOOK NUMBER
International Standard Book Number 8179823431 (hbk)
037 ## - SOURCE OF ACQUISITION
Terms of availability Textbook
040 ## - CATALOGING SOURCE
Language of cataloging Pun
Original cataloging agency ARTS
Transcribing agency ARTS
041 ## - LANGUAGE CODE
Language code of text/sound track or separate title Pun
100 ## - MAIN ENTRY--PERSONAL NAME
Personal name ਗਿੱਲ, ਹਰਚਰਨ ਸਿੰਘ, ਂਚ।
245 #0 - TITLE STATEMENT
Title ਗਿੱਲਾਂ ਦਾ ਇਤਿਹਾਸ
260 ## - PUBLICATION, DISTRIBUTION, ETC.
Place of publication, distribution, etc. ੁਬਰਨਾਲਾ
Name of publisher, distributor, etc. ਤਰਕਭਾਰਤੀ ਪ੍ਰਕਾFਨ ਭਾਰਤ
Date of publication, distribution, etc. 2015
300 ## - PHYSICAL DESCRIPTION
Extent 384ਪ੍ਰ0
Dimensions cm.
650 ## - SUBJECT ADDED ENTRY--TOPICAL TERM
Topical term or geographic name entry element ਸ਼ਚਅਹ਼ਲਜ; ਇਤਿਹਾਸ
942 ## - ADDED ENTRY ELEMENTS (KOHA)
Classification part V243, 153Q5
Koha item type Textbook
Source of classification or shelving scheme Colon Classification (CC)
Holdings
Withdrawn status Lost status Damaged status Not for loan Home library Current library Date acquired Source of acquisition Total Checkouts Full call number Barcode Date last seen Price effective from Koha item type
        Arts Library Arts Library 2022-09-16 768, 27/02/2017, H.K. Prakashan   V243 153Q5 AL1629986 2022-09-16 2022-09-16 Textbook
Copyright @ Delhi University Library System